000
00323pam a2200145 a 4500
020
_c
041
_a
eng
082
_b
OMR
100
_a
Omar, m Ali .
245
_a
Elementary Solid state physics
_h
Textual Documents
250
_a
1999.
260
_a
New Delhi
_b
Pearson Education
300
_a
669 pg .
930
_a
7848
999
_c
84758
_d
84758